Héros de Films de Science Fiction - Statistiques

Statistiques générales
  • Ce quiz a été pris 861 fois
  • Le résultat moyen est 8 sur 16
Statistiques - réponses
Par images Réponse % Correct
Dune
93%
Seul sur Mars
81%
Interstellar
80%
Avatar
74%
Alien
62%
E.T. l'extraterrestre
61%
Blade Runner 2049
48%
Jurassic Park
45%
Minority Report
45%
La Guerre des Mondes
36%
Total Recall
32%
Premier Contact
29%
L'Armée des Douze Singes
27%
Ad Astra
24%
Rencontre du Troisième Type
14%
Soleil Vert
9%
Aucun quiz correspondant
Distribution des résultats
% des personnes avec chaque résultat
Percentile par nombre de réponses
Votre historique - résultats
Vous n’avez pas pris ce quiz